| 000 | 00825 a2200241 4500 | ||
|---|---|---|---|
| 003 | dpl | ||
| 005 | 20240229151530.0 | ||
| 008 | 240229b |||||||| |||| 00| 0 eng d | ||
| 010 | _aENG-139180 | ||
| 020 |
_a9789354793561 _c550.00 |
||
| 035 | _aEN-122712 | ||
| 037 | _bDBAD/PUB | ||
| 040 | _c0 | ||
| 082 | 1 | 4 | _a003.103321 |
| 100 | 1 |
_aGupta, Seema _962619 |
|
| 245 | 1 |
_aHow to Rule the Internet and Make Money on Every Click/ _cBy Seema Gupta |
|
| 250 | _a1 | ||
| 260 |
_aNew Delhi _bSage Publications _c2022 |
||
| 270 |
_aB1/11, Mohan Cooperative Industrial Area, Mathura Road _bNew Delhi _e110 044 |
||
| 300 |
_a231p. _c22cm.(pb) |
||
| 490 | _aSage series in modern Indian history/edited by Bipan Chandra, Mridula Mukherjee [and] Aditya Mukherjee;XI | ||
| 942 |
_adpl _cEN _2ddc _h003.103321 _mGUP |
||
| 999 |
_c201151 _d201151 |
||